000 00363nam a2200157Ia 4500
003 Ost
005 20260225132543.0
008 260225s9999||||xx |||||||||||||| ||und||
040 _cfsic
041 _afre
082 _a440
100 _aAgulhon Maurice
_eAuteur
245 0 _aLa communauté en méditérranée /
245 0 _cAgulhon Maurice
942 _cكتاب
999 _c33678
_d33678